Normal view
MARC view
Entry Nombre personal
001 - NÚMERO DE CONTROL
- campo de control: 9698
003 - IDENTIFICADOR DEL NÚMERO DE CONTROL
- campo de control: FranzMayer
005 - FECHA Y HORA DE LA ÚLTIMA TRANSACCIÓN
- campo de control: 20190320204411.0
008 - DATOS DE LONGITUD FIJA
- campo de control de longitud fija: 190320|| aca||aabn | a|a d
040 ## - FUENTE DE LA CATALOGACIÓN
- Centro catalogador/agencia de origen: FranzMayer
- Centro/agencia transcriptor: FranzMayer
100 ## - ENCABEZAMIENTO-NOMBRE DE PERSONA
- Nombre de persona: Gage, Thomas
- Fechas asociadas al nombre: m. 1656
670 ## - FUENTE DE DATOS ENCONTRADOS
- Cita de la fuente: Work cat.: (FranzMayer): Nouvelle Relation Contenant les Voyages de Thomas Gage dans la Nouvelle Espagne, ses diverses Avantures & son Retour dans la Province de Nicaragua jusqu´a La Havane. Avec la Description de la Ville de Mexique telle qu´elle étoit Autrefois & Comme elle est á Present., 1721